Every Manchester United Goal Scorer in the 2023/24 Premier League - Statistics

General Stats
  • This quiz has been taken 65 times
  • The average score is 49 of 57
Answer Stats
Game Scorer % Correct
Arsenal (A) Rashford
98%
Everton (A) Rashford
98%
Nottingham Forest (A) Rashford
98%
Tottenham Hotspur (H) Rashford
98%
Wolverhampton Wanderers (A) Rashford
98%
Manchester City (A) Rashford
98%
Everton (H) Rashford
98%
Nottingham Forest (H) Fernandes
92%
Burnley (A) Fernandes
92%
Fulham (A) Fernandes
92%
Everton (H) Fernandes
92%
Chelsea (A) Fernandes
92%
Liverpool (H) Fernandes
92%
Bournemouth (A) Fernandes
92%
Bournemouth (A) Fernandes
92%
Sheffield United (H) Fernandes
92%
Sheffield United (H) Fernandes
92%
Everton (A) Garnacho
90%
Aston Villa (H) Garnacho
90%
Aston Villa (H) Garnacho
90%
West Ham United (H) Garnacho
90%
West Ham United (H) Garnacho
90%
Chelsea (A) Garnacho
90%
Chelsea (A) Garnacho
90%
Fulham (H) Maguire
90%
Sheffield United (H) Maguire
90%
Aston Villa (H) Hojlund
88%
Tottenham Hotspur (H) Hojlund
88%
Wolverhampton Wanderers (A) Hojlund
88%
West Ham United (H) Hojlund
88%
Aston Villa (A) Hojlund
88%
Luton Town (A) Hojlund
88%
Luton Town (A) Hojlund
88%
Sheffield United (H) Hojlund
88%
Newcastle (H) Hojlund
88%
Brighton & Hove Albion (A) Hojlund
88%
Nottingham Forest (H) Casemiro
85%
Sheffield United (A) Dalot
83%
Brighton & Hove Albion (A) Dalot
83%
Wolverhampton Wanderers (A) Mainoo
83%
Liverpool (H) Mainoo
83%
Newcastle (H) Mainoo
83%
Burnley (H) Antony
81%
Wolverhampton Wanderers (H) Varane
81%
Everton (A) Martial
77%
Brentford (H) McTominay
77%
Brentford (H) McTominay
77%
Sheffield United (A) McTominay
77%
Chelsea (H) McTominay
77%
Chelsea (H) McTominay
77%
Wolverhampton Wanderers (A) McTominay
77%
Aston Villa (A) McTominay
77%
Nottingham Forest (H) Eriksen
75%
Luton Town (H) Lindelof
75%
Newcastle (H) AmadDiallo
73%
Brentford (A) Mount
60%
Brighton & Hove Albion (H) HannibalMejbri
42%
No matching quizzes found
Score Distribution
Percent of People with Each Score
Percentile by Number Answered
Your Score History
You have not taken this quiz